Career counseling : (Record no. 305471)
[ view plain ]
| 000 -LEADER | |
|---|---|
| fixed length control field | 00626nam a2200229Ia 4500 |
| 008 - FIXED-LENGTH DATA ELEMENTS--GENERAL INFORMATION | |
| fixed length control field | 170203s9999 xx 000 0 und d |
| 020 ## - INTERNATIONAL STANDARD BOOK NUMBER | |
| International Standard Book Number | 971923203x |
| 050 ## - LIBRARY OF CONGRESS CALL NUMBER | |
| Classification number | 658.3 |
| 050 ## - LIBRARY OF CONGRESS CALL NUMBER | |
| Item number | .S231 2004 |
| 100 ## - MAIN ENTRY--PERSONAL NAME | |
| Personal name | Santamaria, Josefina O., |
| 245 ## - TITLE STATEMENT | |
| Title | Career counseling : |
| 245 ## - TITLE STATEMENT | |
| Remainder of title | cases and techniques / |
| 245 ## - TITLE STATEMENT | |
| Statement of responsibility, etc | Josefina O. Santamaria. |
| 250 ## - EDITION STATEMENT | |
| Edition statement | 3rd and revised edition. |
| 260 ## - PUBLICATION, DISTRIBUTION, ETC. (IMPRINT) | |
| Place of publication, distribution, etc | Makati City : |
| 260 ## - PUBLICATION, DISTRIBUTION, ETC. (IMPRINT) | |
| Name of publisher, distributor, etc | Career Systems, |
| 260 ## - PUBLICATION, DISTRIBUTION, ETC. (IMPRINT) | |
| Date of publication, distribution, etc | 2004 |
| 300 ## - PHYSICAL DESCRIPTION | |
| Extent | vi, 224 pages : |
| 300 ## - PHYSICAL DESCRIPTION | |
| Dimensions | 23 cm. |
| 650 ## - SUBJECT ADDED ENTRY--TOPICAL TERM | |
| Topical term or geographic name as entry element | Career education -- Philippines. |
| 650 ## - SUBJECT ADDED ENTRY--TOPICAL TERM | |
| Topical term or geographic name as entry element | Vocational guidance -- Philippines. |
| Withdrawn status | Lost status | Damaged status | Home library | Current library | Shelving location | Date acquired | Total Checkouts | Full call number | Barcode | Date last seen | Price effective from | Koha item type |
|---|---|---|---|---|---|---|---|---|---|---|---|---|
| Stonyhurst Southville International School (Batangas) | Stonyhurst Southville International School (Batangas) | 02/03/2017 | 358.3 .S231 2004 | US-1437 | 02/03/2017 | 02/03/2017 | Books |